| 000 | 00960nam a22002775a 4500 | ||
|---|---|---|---|
| 005 | 20201128020912.0 | ||
| 008 | 110912s2010 enka frbd 001 0deng d | ||
| 020 | _a1842779397 | ||
| 020 | _a9781842779392 | ||
| 040 |
_aEG-ScBUE _beng _cEG-ScBUE |
||
| 082 | 0 | 4 |
_222 _a330.15 _bHIL |
| 100 | 1 |
_927138 _aHill, Roderick. |
|
| 245 | 1 | 4 |
_aThe economics anti-textbook : _ba critical thinker's guide to microeconomics / _cRod Hill and Tony Myatt. |
| 260 |
_aHalifax ; _aWinnipeg : _bFernwood Publishing ; _aLondon ; _aNew York : _aZed Books, _c2010. |
||
| 300 |
_aix, 305 p. : _bill. ; _c24 cm. |
||
| 500 | _aGlossary : p. 291-296. | ||
| 500 | _aIndex : p. 297-305. | ||
| 504 | _aBibliography : p. 274-290. | ||
| 650 | 7 |
_9720 _aEconomics. _2BUEsh |
|
| 650 | 7 |
_95599 _aMicroeconomics. _2BUEsh |
|
| 651 | _2BUEsh | ||
| 653 |
_bBUSECO _cSeptember2011 _cSeptember2012 _cOctober2015 |
||
| 655 |
_vText book _933728 |
||
| 700 |
_927139 _aMyatt, Tony |
||
| 942 |
_2ddc _cBB |
||
| 999 |
_c16004 _d16004 |
||